[Event "Titled Tuesday intern op 02nd Apr Early"]
[Site "Chess.com INT"]
[Date "2024.04.02"]
[Round "11"]
[White "Kunal, M."]
[Black "Berezin, Viktor1"]
[Result "1-0"]
[WhiteElo "2250"]
[BlackElo "2307"]
[PlyCount "97"]
[EventDate "2024.04.02"]
[EventType "swiss (blitz)"]
[EventRounds "11"]
[EventCountry "USA"]
[SourceTitle "CB15_2024"]
[SourceDate "2024.04.10"]
[SourceVersion "1"]
[SourceVersionDate "2024.04.10"]
[SourceQuality "1"]

1. e4 g6 2. d4 Bg7 3. Nf3 d6 4. Bc4 Nf6 5. Qe2 0-0 6. 0-0 c6 7. e5 Nd5 8. Nc3 Nxc3 9. bxc3 Bg4 10. h3 Bxf3 11. Qxf3 dxe5 12. dxe5 Bxe5 13. Bh6 Bg7 14. Rad1 Qa5 15. Qf4 Bxh6 16. Qxh6 Qxc3 17. Bb3 Qf6 18. Rfe1 Na6 19. Rd7 Nc5 20. Rdxe7 Nxb3 21. cxb3 b5 22. Qc1 a5 23. a3 b4 24. a4 Rad8 25. R1e3 Rd6 26. g3 Kg7 27. Kg2 Rfd8 28. R7e4 Rd5 29. Rf4 Qd6 30. Qb2+ Kg8 31. Rfe4 Rd4 32. Re7 c5 33. Qe2 Rd2 34. Qf3 Qd5 35. R3e4 Rd4 36. Rxd4 Qxf3+ 37. Kxf3 Rxd4 38. Ke3 Rd1 39. Rc7 Rc1 40. Ke4 Rc3 41. Kd5 Rxb3 42. Rxc5 Rd3+ 43. Kc6 b3 44. Rxa5 Rd2 45. Rb5 b2 46. a5 Rxf2 47. a6 Rf6+ 48. Kb7 Rf5 49. Rxb2 1-0

[Event "Titled Tuesday intern op 02nd Apr Early"]
[Site "Chess.com INT"]
[Date "2024.04.02"]
[Round "8"]
[White "Kunal, M."]
[Black "Kahlert, Thomas"]
[Result "1-0"]
[WhiteElo "2250"]
[BlackElo "2122"]
[PlyCount "121"]
[EventDate "2024.04.02"]
[EventType "swiss (blitz)"]
[EventRounds "11"]
[EventCountry "USA"]
[SourceTitle "CB15_2024"]
[SourceDate "2024.04.10"]
[SourceVersion "1"]
[SourceVersionDate "2024.04.10"]
[SourceQuality "1"]

1. e4 e5 2. Nf3 Nc6 3. Bb5 a6 4. Bxc6 dxc6 5. d4 exd4 6. Qxd4 Qxd4 7. Nxd4 Bd7 8. Nc3 0-0-0 9. Be3 Ne7 10. 0-0-0 Ng6 11. g3 Be7 12. f4 Rhe8 13. Nde2 f6 14. Rd2 Bb4 15. a3 Bxc3 16. Nxc3 b6 17. Rhd1 c5 18. h4 Bc6 19. Rxd8+ Rxd8 20. Rxd8+ Kxd8 21. Kd2 h5 22. Kd3 Kd7 23. Ne2 Kd6 24. c4 Bd7 25. Nc3 Bc6 26. a4 Ne7 27. f5 g6 28. Bf4+ Kd7 29. fxg6 Nxg6 30. Nd5 Bxd5 31. cxd5 b5 32. axb5 axb5 33. Ke3 c6 34. Kf3 cxd5 35. exd5 f5 36. Ke3 Nf8 37. Bb8 Ng6 38. Kf3 Kc8 39. Bd6 c4 40. Ke3 Kd7 41. Bb8 b4 42. Kd4 c3 43. bxc3 bxc3 44. Kxc3 Ke7 45. Kd4 Kd7 46. Bf4 Ke7 47. Kc5 Kd7 48. d6 Nf8 49. Kd5 Ng6 50. Be5 Nf8 51. Bf6 Ne6 52. Ke5 Nc5 53. Kxf5 Kxd6 54. Bg5 Ne6 55. Kg6 Ke5 56. Kxh5 Ng7+ 57. Kg6 Nf5 58. g4 Nd4 59. Bf6+ Kf4 60. Bxd4 Kxg4 61. h5 1-0

[Event "Titled Tuesday intern op 06th Feb Early"]
[Site "Chess.com INT"]
[Date "2024.02.06"]
[Round "10"]
[White "Kunal, M."]
[Black "Herman, Daniel"]
[Result "0-1"]
[WhiteElo "2250"]
[BlackElo "1927"]
[PlyCount "106"]
[EventDate "2024.02.06"]
[EventType "swiss (blitz)"]
[EventRounds "11"]
[EventCountry "USA"]
[SourceTitle "CB07_2024"]
[SourceDate "2024.02.14"]
[SourceVersion "1"]
[SourceVersionDate "2024.02.14"]
[SourceQuality "1"]

1. e4 e6 2. d4 d5 3. Nd2 c5 4. Ngf3 Nc6 5. Bb5 Nf6 6. exd5 exd5 7. 0-0 Be7 8. dxc5 Bxc5 9. Re1+ Be6 10. Nb3 Bb6 11. Nbd4 0-0 12. c3 Ne4 13. Be3 Qd6 14. Nxe6 Qxe6 15. Bxb6 axb6 16. Nd4 Qf6 17. f3 Nc5 18. Qd2 Nxd4 19. Qxd4 Qxd4+ 20. cxd4 Ne6 21. Red1 Rfc8 22. Rd2 Ra5 23. a4 Kf8 24. Re1 Ke7 25. h4 Kd6 26. Kf2 Raa8 27. h5 h6 28. Re3 Rc7 29. g4 Rac8 30. Kg3 Rc2 31. Ree2 Rxd2 32. Rxd2 Rc1 33. f4 Re1 34. f5 Ng5 35. Rc2 Rd1 36. Rc8 Rxd4 37. Rg8 Rb4 38. Rxg7 Rb3+ 39. Kg2 Rxb2+ 40. Kg3 Rb3+ 41. Kg2 Ke5 42. Rg8 Kf4 43. Rh8 Rb2+ 44. Kf1 Kf3 45. Ke1 Ne4 46. Kd1 d4 47. Kc1 Rg2 48. Rxh6 Ke3 49. Rh7 d3 50. Bxd3 Kxd3 51. Rxf7 Kc3 52. Rc7+ Nc5 53. a5 Rg1# 0-1

[Event "Chennai Murali Mohan Memorial 2nd"]
[Site "Chennai"]
[Date "2023.07.15"]
[Round "2"]
[White "Kunal, M."]
[Black "Arunachalam, Nachiappan"]
[Result "1-0"]
[WhiteElo "2114"]
[BlackElo "1226"]
[PlyCount "93"]
[EventDate "2023.07.15"]
[EventType "swiss (rapid)"]
[EventRounds "9"]
[EventCountry "IND"]
[SourceTitle "CBM 215 Extra"]
[Source "ChessBase"]
[SourceDate "2023.09.30"]
[SourceVersion "1"]
[SourceVersionDate "2023.09.30"]
[SourceQuality "1"]

1. e4 e5 2. Nf3 Nc6 3. Bb5 Nf6 4. 0-0 d6 5. d4 exd4 6. Nxd4 Bd7 7. Nc3 Ne5 8. Bxd7+ Qxd7 9. Bg5 Be7 10. Bxf6 Bxf6 11. Nd5 Bd8 12. f4 Nc6 13. f5 Nxd4 14. Qxd4 f6 15. Nf4 c6 16. Kh1 Bb6 17. Qc4 0-0-0 18. a4 a6 19. b4 Kb8 20. Rfb1 d5 21. exd5 cxd5 22. Qd3 Bc7 23. Ne6 Qd6 24. g3 Rc8 25. b5 Ka8 26. bxa6 Qxa6 27. Rb5 Be5 28. Rab1 Rc6 29. Qxd5 Kb8 30. Rxb7+ Qxb7 31. Rxb7+ Kxb7 32. a5 Rhc8 33. Nd8+ Rxd8 34. Qxd8 Bc7 35. Qd5 Bb8 36. c4 Ba7 37. a6+ Kc7 38. Qf7+ Kb6 39. Qb7+ Kc5 40. Qxa7+ Kd6 41. Qb8+ Kc5 42. a7 g6 43. Qb5+ Kd6 44. a8Q Rc5 45. Qd8+ Ke5 46. Qxc5+ Ke4 47. Qdd5# 1-0

[Event "Forni di Sopra op 14th"]
[Site "Forni di Sopra"]
[Date "2023.06.17"]
[Round "9"]
[White "Bettalli, Francesco"]
[Black "Kunal, M."]
[Result "1/2-1/2"]
[WhiteElo "2270"]
[BlackElo "2149"]
[PlyCount "31"]
[EventDate "2023.06.10"]
[EventType "swiss"]
[EventRounds "9"]
[EventCountry "ITA"]
[SourceTitle "CBM 214 Extra"]
[Source "ChessBase"]
[SourceDate "2023.07.31"]
[SourceVersion "1"]
[SourceVersionDate "2023.07.31"]
[SourceQuality "1"]

1. e4 c6 2. d4 d5 3. exd5 cxd5 4. Bd3 Nf6 5. c3 Bg4 6. Qb3 Qc7 7. h3 Bd7 8. Nf3 Nc6 9. 0-0 e6 10. Re1 Bd6 11. Qc2 h6 12. Qe2 0-0-0 13. Ne5 Rdf8 14. Nd2 g5 15. b4 g4 16. h4 1/2-1/2

[Event "Forni di Sopra op 14th"]
[Site "Forni di Sopra"]
[Date "2023.06.11"]
[Round "2"]
[White "Ceres, Dragos"]
[Black "Kunal, M."]
[Result "1/2-1/2"]
[WhiteElo "2409"]
[BlackElo "2149"]
[PlyCount "93"]
[EventDate "2023.06.10"]
[EventType "swiss"]
[EventRounds "9"]
[EventCountry "ITA"]
[SourceTitle "CBM 214 Extra"]
[Source "ChessBase"]
[SourceDate "2023.07.31"]
[SourceVersion "1"]
[SourceVersionDate "2023.07.31"]
[SourceQuality "1"]

1. e4 c6 2. d4 d5 3. Nd2 dxe4 4. Nxe4 Nd7 5. Nf3 Ngf6 6. Neg5 e6 7. Bd3 Be7 8. 0-0 0-0 9. Qe2 h6 10. Ne4 Nxe4 11. Qxe4 Nf6 12. Qe2 c5 13. c3 Qc7 14. Ne5 b6 15. Bf4 Bd6 16. dxc5 bxc5 17. Rad1 Bb7 18. Bg3 Rad8 19. Bb1 Ba6 20. c4 Bb7 21. Rde1 Qa5 22. Qc2 Bxe5 23. Bxe5 Qd2 24. Qb3 Bc6 25. Qh3 Qg5 26. Bc3 Nh5 27. Be4 Bxe4 28. Rxe4 Nf4 29. Qf3 Ng6 30. g3 h5 31. h4 Qf5 32. Kg2 Rd7 33. Rfe1 Qxf3+ 34. Kxf3 Rb8 35. Ke2 e5 36. Rd1 Rxd1 37. Kxd1 f6 38. Kc2 Kf7 39. a3 Rc8 40. Re1 Ne7 41. Re4 Nf5 42. Re1 Nd6 43. Rd1 Ke6 44. b3 Nf5 45. Rd5 Ne7 46. Rd1 Nf5 47. Rd5 1/2-1/2

[Event "Munich Laimer op 2nd"]
[Site "Munich"]
[Date "2023.05.27"]
[Round "3"]
[White "Kunal, M."]
[Black "Korneev, Oleg"]
[Result "0-1"]
[WhiteElo "2106"]
[BlackElo "2457"]
[PlyCount "200"]
[EventDate "2023.05.26"]
[EventType "swiss"]
[EventRounds "9"]
[EventCountry "GER"]
[SourceTitle "CBM 214 Extra"]
[Source "ChessBase"]
[SourceDate "2023.07.31"]
[SourceVersion "1"]
[SourceVersionDate "2023.07.31"]
[SourceQuality "1"]

1. e4 c5 2. Nf3 e6 3. d4 cxd4 4. Nxd4 a6 5. Be2 Nf6 6. Nc3 Qc7 7. 0-0 Be7 8. Be3 0-0 9. f4 d6 10. Qe1 b5 11. a3 Bb7 12. Bd3 Nbd7 13. Qg3 Nc5 14. Qh3 Rfe8 15. Rae1 Nfxe4 16. Nxe4 Bxe4 17. Nxe6 fxe6 18. Bxe4 Nxe4 19. Qxe6+ Kh8 20. Qxe4 Bh4 21. Qd3 Bxe1 22. Rxe1 d5 23. Rf1 Qc4 24. Qd2 Rac8 25. c3 d4 26. Bxd4 Re2 27. b3 Rxd2 28. bxc4 Rxc4 29. Re1 Kg8 30. Re7 a5 31. Rxg7+ Kf8 32. Rb7 Rb2 33. f5 b4 34. axb4 axb4 35. Be5 Re4 36. Bd6+ Ke8 37. h3 bxc3 38. Rc7 Ree2 39. Rxc3 Rxg2+ 40. Kf1 Rbf2+ 41. Ke1 Re2+ 42. Kf1 Ref2+ 43. Ke1 Rxf5 44. Re3+ Kf7 45. Re7+ Kg6 46. Re6+ Kh5 47. Re5 Rxe5+ 48. Bxe5 Kh4 49. Kf1 Kxh3 50. Bd6 Rd2 51. Be5 Rd5 52. Bc7 Rg5 53. Kf2 Rg2+ 54. Kf1 Rg8 55. Kf2 Rg7 56. Bd6 Rg2+ 57. Kf1 Rg6 58. Bc7 Rg7 59. Bd6 Rg4 60. Kf2 Kh4 61. Kf3 Kh5 62. Bg3 Kg5 63. Kg2 Ra4 64. Kh3 Ra3 65. Kh2 Kg4 66. Bd6 Ra2+ 67. Kh1 Kh3 68. Kg1 Ra1+ 69. Kf2 Ra6 70. Be5 Rg6 71. Bc7 Rg4 72. Bd6 Kh4 73. Be7+ Kh5 74. Kf3 Rg7 75. Bd8 Rg8 76. Bb6 Rg7 77. Bf2 Rg4 78. Bg3 Rb4 79. Bd6 Rb6 80. Bc7 Rc6 81. Bg3 Rc3+ 82. Kg2 Kg4 83. Bd6 Rc2+ 84. Kg1 Kh3 85. Be5 Re2 86. Bc7 Re1+ 87. Kf2 Re7 88. Bd6 Rg7 89. Be5 Rg2+ 90. Kf1 Rg4 91. Kf2 Rg2+ 92. Kf1 Rg4 93. Kf2 Kh4 94. Kf3 Kg5 95. Bc7 h5 96. Bd8+ Kf5 97. Bc7 h4 98. Bd6 h3 99. Kf2 Rg2+ 100. Kf1 Ke4 0-1

[Event "Novi Sad TS Mix 220th"]
[Site "Novi Sad"]
[Date "2021.11.07"]
[Round "8"]
[White "Kunal, M."]
[Black "Aradhya, Garg"]
[Result "1/2-1/2"]
[WhiteElo "2297"]
[BlackElo "2198"]
[PlyCount "66"]
[EventDate "2021.11.02"]
[EventType "swiss"]
[EventRounds "10"]
[EventCountry "SRB"]
[SourceTitle "CBM 205 Extra"]
[Source "ChessBase"]
[SourceDate "2022.01.31"]
[SourceVersion "1"]
[SourceVersionDate "2022.01.31"]
[SourceQuality "1"]

1. e4 e5 2. Nf3 Nc6 3. Bb5 a6 4. Bxc6 dxc6 5. d4 exd4 6. Qxd4 Qxd4 7. Nxd4 Bd7 8. Nc3 0-0-0 9. Be3 Bb4 10. Nde2 f5 11. 0-0-0 Nf6 12. exf5 Bxf5 13. h3 h5 14. a3 Bd6 15. Nd4 Bg6 16. Rhe1 Rde8 17. Nf3 Ne4 18. Nxe4 Bxe4 19. Rg1 Rhf8 20. Ng5 Bd5 21. g3 b5 22. h4 a5 23. Bd4 b4 24. axb4 axb4 25. f4 Re7 26. Rde1 Rfe8 27. Kd2 Kd7 28. Rxe7+ Rxe7 29. Re1 Rxe1 30. Kxe1 g6 31. Kd2 b3 32. cxb3 Bxb3 33. Ne4 Ke6 1/2-1/2

[Event "Novi Sad TS Mix 220th"]
[Site "Novi Sad"]
[Date "2021.11.05"]
[Round "5"]
[White "Kukreja, Sankalp"]
[Black "Kunal, M."]
[Result "0-1"]
[WhiteElo "2025"]
[BlackElo "2297"]
[PlyCount "98"]
[EventDate "2021.11.02"]
[EventType "swiss"]
[EventRounds "10"]
[EventCountry "SRB"]
[SourceTitle "CBM 205 Extra"]
[Source "ChessBase"]
[SourceDate "2022.01.31"]
[SourceVersion "1"]
[SourceVersionDate "2022.01.31"]
[SourceQuality "1"]

1. e4 e6 2. d4 d5 3. e5 b6 4. c3 Qd7 5. Nf3 h5 6. h4 Ne7 7. Bd3 Ba6 8. Bxa6 Nxa6 9. Qd3 Nb8 10. Nbd2 Nf5 11. Nf1 Nc6 12. Bg5 Nce7 13. 0-0-0 a5 14. Kb1 c5 15. Ne3 c4 16. Qc2 b5 17. Nd2 b4 18. a3 bxa3 19. bxa3 a4 20. Ka2 Nxe3 21. fxe3 Rb8 22. Rb1 Rb3 23. Nxb3 axb3+ 24. Rxb3 cxb3+ 25. Qxb3 Nc6 26. Qb6 Be7 27. Bxe7 Nxe7 28. Qb8+ Qd8 29. Qb5+ Kf8 30. Qc5 g6 31. Qd6 Qxd6 32. exd6 Nf5 33. Rb1 Kg7 34. d7 Rd8 35. Rb7 Nd6 36. Rb4 Rxd7 37. a4 Kf6 38. Kb3 Kf5 39. a5 Ra7 40. Ra4 Ra6 41. Kb4 Ke4 42. Kc5 Rxa5+ 43. Rxa5 Nb7+ 44. Kb4 Nxa5 45. Kxa5 Kxe3 46. Kb4 Kd3 47. Kb3 f6 48. Kb4 e5 49. c4 e4 0-1

[Event "Novi Sad TS Mix 220th"]
[Site "Novi Sad"]
[Date "2021.11.05"]
[Round "6"]
[White "Kunal, M."]
[Black "Drazic, Sinisa"]
[Result "1/2-1/2"]
[WhiteElo "2297"]
[BlackElo "2324"]
[PlyCount "152"]
[EventDate "2021.11.02"]
[EventType "swiss"]
[EventRounds "10"]
[EventCountry "SRB"]
[SourceTitle "CBM 205 Extra"]
[Source "ChessBase"]
[SourceDate "2022.01.31"]
[SourceVersion "1"]
[SourceVersionDate "2022.01.31"]
[SourceQuality "1"]

1. e4 e5 2. Nf3 Nc6 3. Bb5 a6 4. Ba4 Nf6 5. 0-0 b5 6. Bb3 Bc5 7. a4 Rb8 8. Nxe5 Nxe5 9. d4 Bxd4 10. Qxd4 d6 11. axb5 axb5 12. f4 c5 13. Qd1 Ng6 14. e5 dxe5 15. Qxd8+ Kxd8 16. fxe5 Nxe5 17. Bf4 Nfd7 18. Bxf7 Rf8 19. Bd5 h6 20. Nc3 Rb6 21. Ne4 Ng6 22. Bd6 Rxf1+ 23. Rxf1 Nf6 24. Bxc5 Nxd5 25. Rd1 Re6 26. Rxd5+ Kc7 27. Bd6+ Kb6 28. Nc3 Bd7 29. Bg3 Bc6 30. Rd6 Rxd6 31. Bxd6 Nh4 32. g4 g6 33. Kf2 Nf3 34. Ne2 h5 35. gxh5 gxh5 36. Nc1 Nd4 37. c3 Nf5 38. Bf8 Be4 39. Nb3 Kc6 40. Nd2 Bh1 41. Ke2 Kd5 42. Kd3 Nh4 43. Ke3 Ng6 44. Bg7 Bg2 45. Nb1 Bh3 46. Na3 Bd7 47. Bf6 Ke6 48. Bd8 Kd5 49. h4 Ne5 50. b3 Ng6 51. Bf6 Ke6 52. Bd8 Kd5 53. Nc2 Bf5 54. Nd4 Bd7 55. Bf6 Be8 56. Nf3 Bd7 57. Nd2 Be6 58. Bd8 Bf5 59. Nf1 Bc2 60. Nd2 Bf5 61. Bf6 Ke6 62. Bg5 Kd5 63. Nf3 Bd7 64. Nd4 Ne5 65. Ne2 Ng6 66. Ng3 Bg4 67. Ne4 Bd1 68. c4+ Ke5 69. cxb5 Bxb3 70. b6 Bd5 71. Nc5 Kf5 72. Nd7 Ba8 73. Kd4 Ke6 74. Nf6 Kd6 75. Nxh5 Kc6 76. Nf4 Nxh4 1/2-1/2

[Event "Novi Sad TS Mix 220th"]
[Site "Novi Sad"]
[Date "2021.11.02"]
[Round "1"]
[White "Zakhartsov, Vladimir"]
[Black "Kunal, M."]
[Result "1-0"]
[WhiteElo "2514"]
[BlackElo "2297"]
[PlyCount "65"]
[EventDate "2021.11.02"]
[EventType "swiss"]
[EventRounds "10"]
[EventCountry "SRB"]
[SourceTitle "CBM 205 Extra"]
[Source "ChessBase"]
[SourceDate "2022.01.31"]
[SourceVersion "1"]
[SourceVersionDate "2022.01.31"]
[SourceQuality "1"]

1. d4 Nf6 2. c4 g6 3. Nc3 d5 4. Nf3 Bg7 5. cxd5 Nxd5 6. e4 Nxc3 7. bxc3 c5 8. Rb1 0-0 9. Be2 Qa5 10. Rb5 Qxa2 11. Rxc5 Nd7 12. Rb5 a6 13. Rb3 Qa5 14. Ba3 Qc7 15. e5 Re8 16. c4 Nb6 17. Bc5 Na4 18. Bb4 Be6 19. d5 Bg4 20. 0-0 Nc5 21. Re3 Bh6 22. Ra3 Bg7 23. Re1 Nd7 24. e6 fxe6 25. Ng5 Bxe2 26. Qxe2 Nf8 27. Nxe6 Nxe6 28. Qxe6+ Kh8 29. d6 Qb6 30. Rb3 Rf8 31. c5 Qc6 32. Rh3 Bf6 33. dxe7 1-0

[Event "Arandjelovac ASK-2 GM"]
[Site "Arandjelovac"]
[Date "2021.10.30"]
[Round "9"]
[White "Kunal, M."]
[Black "Ritviz, Parab"]
[Result "0-1"]
[WhiteElo "2290"]
[BlackElo "2296"]
[PlyCount "156"]
[EventDate "2021.10.23"]
[EventType "tourn"]
[EventRounds "9"]
[EventCountry "SRB"]
[EventCategory "6"]
[SourceTitle "CBM 205 Extra"]
[Source "ChessBase"]
[SourceDate "2022.01.31"]
[SourceVersion "1"]
[SourceVersionDate "2022.01.31"]
[SourceQuality "1"]

1. e4 e5 2. Nf3 Nc6 3. Bb5 a6 4. Ba4 Nf6 5. 0-0 Be7 6. Re1 b5 7. Bb3 d6 8. c3 0-0 9. d4 Bg4 10. Be3 exd4 11. cxd4 Na5 12. Nbd2 Nxb3 13. axb3 c5 14. h3 Bd7 15. b4 cxb4 16. d5 a5 17. Nd4 Qb8 18. Qb3 Rc8 19. Rec1 h6 20. Rc2 Qb7 21. Rac1 Rc5 22. g4 Rac8 23. Nf5 Rxc2 24. Nxe7+ Kf8 25. Rxc2 Kxe7 26. Bd4 a4 27. Qd3 Rxc2 28. Qxc2 Qc8 29. Qxc8 Bxc8 30. Kf1 g6 31. Ke2 Nd7 32. Ke3 f6 33. f4 g5 34. f5 Ba6 35. Kd3 Nc5+ 36. Kc2 a3 37. b3 Bb7 38. Ba1 Bc8 39. Bd4 Ba6 40. Ba1 Na4 41. Nf3 Nc3 42. Nd4 Nxe4 43. Nc6+ Kf7 44. Nxb4 Bc8 45. Bd4 Bb7 46. Kb1 Ng3 47. Nc6 Kg7 48. Ka2 b4 49. Nxb4 Ne2 50. Be3 Nc3+ 51. Kxa3 Nxd5 52. Nxd5 Bxd5 53. b4 Bc6 54. Kb3 Bb5 55. Kc3 Bf1 56. Kd4 Bxh3 57. Kd5 Kf7 58. b5 Bxg4 59. b6 Ke7 60. Ke4 Bh3 61. Kf3 Kd7 62. Bd4 Bxf5 63. Bxf6 Kc6 64. Bg7 h5 65. Bf6 g4+ 66. Kf4 Bc8 67. Kg5 Kxb6 68. Kxh5 Kc5 69. Kh4 Kd5 70. Be7 Ke5 71. Kg3 d5 72. Kf2 Ke4 73. Bd6 d4 74. Bf8 d3 75. Bh6 Kd4 76. Bd2 Bb7 77. Kg3 Bf3 78. Kf2 Be2 0-1

[Event "Yerevan op-A 3rd"]
[Site "Yerevan"]
[Date "2021.10.18"]
[Round "5"]
[White "Kunal, M."]
[Black "Davtyan, Artur"]
[Result "0-1"]
[WhiteElo "2290"]
[BlackElo "2453"]
[PlyCount "72"]
[EventDate "2021.10.14"]
[EventType "swiss"]
[EventRounds "9"]
[EventCountry "ARM"]
[SourceTitle "CBM 204 Extra"]
[Source "ChessBase"]
[SourceDate "2021.11.30"]
[SourceVersion "1"]
[SourceVersionDate "2021.11.30"]
[SourceQuality "1"]

1. e4 e5 2. Nf3 Nc6 3. Bb5 a6 4. Ba4 Nf6 5. 0-0 Be7 6. Re1 b5 7. Bb3 d6 8. c3 0-0 9. d4 Bg4 10. Be3 Bh5 11. h3 exd4 12. cxd4 Na5 13. Nbd2 Nxb3 14. axb3 Bg6 15. Bg5 Re8 16. Rc1 c5 17. e5 dxe5 18. dxc5 e4 19. Ne5 Rc8 20. Nxg6 hxg6 21. b4 Qd4 22. Qb3 Ng4 23. Be3 Nxe3 24. Qxe3 Qxb4 25. c6 Qxb2 26. Nxe4 Bf8 27. Qf3 Qe5 28. h4 Qf5 29. Qd3 Rc7 30. Re3 Re6 31. Qd8 Rcxc6 32. Rxc6 Rxc6 33. g3 Re6 34. Qa8 b4 35. f3 Qb5 36. Qa7 Rxe4 0-1

[Event "Chennai op 12th"]
[Site "Chennai"]
[Date "2020.01.21"]
[Round "6"]
[White "Khusenkhojaev, Muhammad"]
[Black "Kunal, M."]
[Result "0-1"]
[WhiteElo "2420"]
[BlackElo "2288"]
[PlyCount "56"]
[EventDate "2020.01.18"]
[EventType "swiss"]
[EventRounds "10"]
[EventCountry "IND"]
[SourceTitle "CBM 194 Extra"]
[Source "ChessBase"]
[SourceDate "2020.03.31"]
[SourceVersion "1"]
[SourceVersionDate "2020.03.31"]
[SourceQuality "1"]

1. Nf3 Nf6 2. c4 e6 3. g3 d5 4. d4 Be7 5. Bg2 0-0 6. 0-0 dxc4 7. Ne5 Nc6 8. Nxc6 bxc6 9. Na3 Bxa3 10. bxa3 Rb8 11. Qd2 Bb7 12. Rb1 Qc8 13. Qa5 c5 14. Rxb7 Rxb7 15. Bxb7 Qxb7 16. Qxc5 Qa6 17. Bf4 c3 18. Re1 Nd5 19. Bc1 f5 20. f3 Qa4 21. Kf2 Rb8 22. Bf4 Rb6 23. Bxc7 Rc6 24. Qa5 Qxd4+ 25. e3 Qd2+ 26. Re2 Qxe2+ 27. Kxe2 c2 28. Bd6 Rc8 0-1